| 000 | 00910nam a2200217 i 4500 | ||
|---|---|---|---|
| 001 | 167625 | ||
| 003 | ES-MaACL | ||
| 005 | 20250905063054.0 | ||
| 008 | 050928s1834 be | |||||||| ||fre d | ||
| 040 |
_aCAM _bspa _cCAM |
||
| 100 | 1 |
_aVillemain, Abel-François, _d1791-1870 _9133764 |
|
| 245 | 1 | 0 |
_aLittérature du Moyen Age en France, en Italia, en Espagne et en Angleterre / _cpar M. Villemain. |
| 260 |
_aBruxelles : _bLouis Hauman et comp\pe\s libraires, _c1834 ( _fImprimerie de J. N. Gregoir) |
||
| 300 |
_a2 v. (358; 357 p.) ; _c15 cm. |
||
| 490 | 1 |
_aCours de littérature française par M. Villemain ; _v4; 5 |
|
| 500 | _aEn verso de la antep. consta: Leçons du cours de 1830. | ||
| 650 | 4 |
_aLiteratura medieval. _9136425 |
|
| 830 | 0 |
_aCours de littérature française par M. Villemain ; _v4; 5 _9222634 |
|
| 852 |
_aES-MaACL _jG-9284-9285 _z-- Enc. hol. |
||
| 999 |
_c167625 _d167625 |
||